Pays d'Amérique du Sud par ordre alphabétique - Statistiques

Statistiques générales
  • Ce quiz a été pris 101 fois
  • Le résultat moyen est 10 sur 12
Statistiques - réponses
Réponse % Correct
Argentine
99%
Bolivie
92%
Brésil
92%
Chili
88%
Colombie
86%
Équateur
86%
Vénézuela
81%
Guyana
78%
Paraguay
78%
Pérou
78%
Uruguay
78%
Suriname
77%
Aucun quiz correspondant
Distribution des résultats
% des personnes avec chaque résultat
Percentile par nombre de réponses
Votre historique - résultats
Vous n’avez pas pris ce quiz